| 000 | 00599nam a22002177a 4500 | ||
|---|---|---|---|
| 001 | BD-DhSAU 3319 | ||
| 003 | BD-DhSAU | ||
| 005 | 20150204162933.0 | ||
| 008 | 150204b2008 th a|||| |||| 001 0 eng d | ||
| 020 | _a9657077400 | ||
| 040 | _aBD-DhSAU | ||
| 082 |
_222 _a174.957 _bMAM |
||
| 100 | _aMacer, Darryl R. J. | ||
| 245 |
_aMoral games for teaching bioethics / _cDarryl R. J. Macer |
||
| 260 |
_aBangkok : _bUNESCO , _cc2008. |
||
| 300 |
_avi, 122 p. : _bill. ; _c23 cm. |
||
| 504 | _aIncludes bibliographical references & index. | ||
| 590 | _aJerin | ||
| 650 | _aGenetics | ||
| 650 | _abioethics | ||
| 942 |
_2ddc _cBOOK |
||
| 999 |
_c3319 _d3319 |
||